Non-timber uses of selected arid zone trees and shrubs in Africa

Bibliographic Details
Main Author: BOOTH Francis E. M.
Corporate Author: Food and Agriculture Organization of the United Nations (FAO)
Other Authors: Wickens
Format: Book
Published: Rome : Food and Agriculture Organization of the United Nations , 1988
Series:FAO conservation guide ; v. 19
Subjects:

MARC

LEADER 00000cam a2200000 7i4500
001 0000001737
005 20011108.0
020 0 0 |a 9251027455 
090 0 0 |a FAO 582.16096   |b BOO 1988 
100 1 0 |a BOOTH   |h F. E. M. [  |q Francis E. M. 
245 1 0 |a Non-timber uses of selected arid zone trees and shrubs in Africa   |c by F.E.M. Booth and G.E. Wickens 
260 0 0 |a Rome :   |b Food and Agriculture Organization of the United Nations ,   |c 1988 
300 |a vii, 176 p. :   |b ill. ;   |c 30 cm. 
440 0 0 |a FAO conservation guide ; v. 19 
500 0 0 |a Includes bibliographical references 
650 0 0 |a Shrubs   |z Africa 
650 0 0 |a Trees   |z Africa 
700 0 1 |a Wickens   |h G. E. 
710 1 1 |a Food and Agriculture Organization of the United Nations (FAO) 
998 |a JPSM 
999 |a 0000002769   |b Monograph   |c Open Shelf   |e Default branch